<?xml version="1.0" encoding="UTF-8"?>
<collection xmlns="http://www.loc.gov/MARC21/slim">
<record>
  <controlfield tag="001">808714</controlfield>
  <controlfield tag="005">20230411161318.0</controlfield>
  <datafield tag="024" ind1="7" ind2=" ">
    <subfield code="2">HBZ</subfield>
    <subfield code="a">HT020700273</subfield>
  </datafield>
  <datafield tag="024" ind1="7" ind2=" ">
    <subfield code="2">Laufende Nummer</subfield>
    <subfield code="a">40018</subfield>
  </datafield>
  <datafield tag="024" ind1="7" ind2=" ">
    <subfield code="2">datacite_doi</subfield>
    <subfield code="a">10.18154/RWTH-2020-12247</subfield>
  </datafield>
  <datafield tag="037" ind1=" " ind2=" ">
    <subfield code="a">RWTH-2020-12247</subfield>
  </datafield>
  <datafield tag="041" ind1=" " ind2=" ">
    <subfield code="a">English</subfield>
  </datafield>
  <datafield tag="082" ind1=" " ind2=" ">
    <subfield code="a">510</subfield>
  </datafield>
  <datafield tag="100" ind1="1" ind2=" ">
    <subfield code="0">P:(DE-588)1225145791</subfield>
    <subfield code="a">Lansdown, Jesse</subfield>
    <subfield code="b">0</subfield>
    <subfield code="u">rwth</subfield>
  </datafield>
  <datafield tag="245" ind1=" " ind2=" ">
    <subfield code="a">Designs in finite geometry</subfield>
    <subfield code="c">vorgelegt von Jesse Lansdow, BSc (Hons)</subfield>
    <subfield code="h">online</subfield>
  </datafield>
  <datafield tag="246" ind1=" " ind2="3">
    <subfield code="a">Designs in endlicher Geometrie</subfield>
    <subfield code="y">German</subfield>
  </datafield>
  <datafield tag="260" ind1=" " ind2=" ">
    <subfield code="a">Aachen</subfield>
    <subfield code="b">RWTH Aachen University</subfield>
    <subfield code="c">2020</subfield>
  </datafield>
  <datafield tag="260" ind1=" " ind2=" ">
    <subfield code="c">2021</subfield>
  </datafield>
  <datafield tag="300" ind1=" " ind2=" ">
    <subfield code="a">1 Online-Ressource (xiii, 137 Seiten) : Illustrationen</subfield>
  </datafield>
  <datafield tag="336" ind1="7" ind2=" ">
    <subfield code="0">2</subfield>
    <subfield code="2">EndNote</subfield>
    <subfield code="a">Thesis</subfield>
  </datafield>
  <datafield tag="336" ind1="7" ind2=" ">
    <subfield code="0">PUB:(DE-HGF)11</subfield>
    <subfield code="2">PUB:(DE-HGF)</subfield>
    <subfield code="a">Dissertation / PhD Thesis</subfield>
    <subfield code="b">phd</subfield>
    <subfield code="m">phd</subfield>
  </datafield>
  <datafield tag="336" ind1="7" ind2=" ">
    <subfield code="2">BibTeX</subfield>
    <subfield code="a">PHDTHESIS</subfield>
  </datafield>
  <datafield tag="336" ind1="7" ind2=" ">
    <subfield code="2">DRIVER</subfield>
    <subfield code="a">doctoralThesis</subfield>
  </datafield>
  <datafield tag="336" ind1="7" ind2=" ">
    <subfield code="2">DataCite</subfield>
    <subfield code="a">Output Types/Dissertation</subfield>
  </datafield>
  <datafield tag="336" ind1="7" ind2=" ">
    <subfield code="2">ORCID</subfield>
    <subfield code="a">DISSERTATION</subfield>
  </datafield>
  <datafield tag="500" ind1=" " ind2=" ">
    <subfield code="a">Cotutelle-Dissertation. - Veröffentlicht auf dem Publikationsserver der RWTH Aachen University 2021</subfield>
  </datafield>
  <datafield tag="502" ind1=" " ind2=" ">
    <subfield code="a">Dissertation, RWTH Aachen University, 2020. - Dissertation, University of Western Australia, 2020</subfield>
    <subfield code="b">Dissertation</subfield>
    <subfield code="c">RWTH Aachen University</subfield>
    <subfield code="d">2020</subfield>
    <subfield code="g">Fak01</subfield>
    <subfield code="o">2020-12-09</subfield>
  </datafield>
  <datafield tag="520" ind1="3" ind2=" ">
    <subfield code="a">Diese Dissertation behandelt Delsarte-Designs von symmetrischen Assoziationsschemata, insbesondere im Kontext der endlichen Geometrie. Wir beweisen, dass m-Ovoide in regulären Fastpolygonen, unter bestimmten Bedingungen Hemisysteme sein müssen. Als Folgerung zeigen wir, dass für d ≥ 3 m-Ovoide in DH(2d−1, q^2), DW(2d−1, q), und DQ(2d, q), Hemisysteme sind. Darüber hinaus konstruieren wir eine unendliche Familie von Hemisystemen in Q(2d, q), für q ungerade und d ≥ 2. Für d ≥ 4 stellt dies die erste bekannte Familie dar. Wir verallgemeinern das AB-Lemma zur Konstruktion der m-Abdeckungen, über den Hemisystem Fall hinaus. Im Kontext von allgemeinen Delsarte-Designs zeigen wir, dass entweder die Größe des Designs oder die zugehörigen Eigenräume, in denen es liegt, unter der Voraussetzung, dass bestimmt Kreinparameter Null sind, gewissen Einschränkungen unterliegen, und besprechen anschließend die verschiedenen Implikationen dieses Ergebnisses. Außerdem betrachten wir Kriterien für die Nicht-Existenz eines Designs, indem wir insbesondere die Projektion und Inklusion von Assoziationsschemata und deren Bedeutung für die Existenz von Designs betrachten, wenn die Eigenräume des projizierten Designs Einschränkungen unterliegen. Des Weiteren stellen wir das Konzept der starken Halbkanonizität vor und nutzen dieses in einem ,,black-box”- eingrenzenden Orderly Algorithmus zur effektiven Erzeugung von Designs und kombinatorischen Objekten. Wir verwenden diese Methoden, um neue rechnergestützte Ergebnisse von m-Ovoiden, Teilovoiden und Hemisystemen zu erhalten.</subfield>
    <subfield code="l">ger</subfield>
  </datafield>
  <datafield tag="520" ind1=" " ind2=" ">
    <subfield code="a">This thesis is concerned with the study of Delsarte designs in symmetric association schemes, particularly in the context of finite geometry. We prove that m-ovoids of regular near polygons satisfying certain conditions must be hemisystems, and as a consequence, that for d ≥ 3 m-ovoids of DH(2d−1, q^2), DW(2d−1, q), and DQ(2d, q) are hemisystems. We also construct an infinite family of hemisystems of Q(2d, q), for q an odd prime power and d ≥ 2, the first known family for d ≥ 4. We generalise the AB-Lemma to constructions of m-covers other than just hemisystems. In the context of general Delsarte designs, we show that either the size of a design, or the strata in which it lies, may be constrained when certain Krein parameters vanish, and explore various consequences of this result. We also study the concept of a “witness” to the non-existence of a design, in particular by considering projection and inclusion of association schemes, and the implications this has on the existence of designs when the strata of a projected design is constrained. We furthermore introduce strong semi-canonicity and use it in a black-box pruned orderly algorithm for effective generation of designs and combinatorial objects. We use these techniques to find new computational results on various m-ovoids, partial ovoids, and hemisystems.</subfield>
    <subfield code="l">eng</subfield>
  </datafield>
  <datafield tag="588" ind1=" " ind2=" ">
    <subfield code="a">Dataset connected to Lobid/HBZ</subfield>
  </datafield>
  <datafield tag="591" ind1=" " ind2=" ">
    <subfield code="a">Australia</subfield>
  </datafield>
  <datafield tag="591" ind1=" " ind2=" ">
    <subfield code="a">Germany</subfield>
  </datafield>
  <datafield tag="653" ind1=" " ind2="7">
    <subfield code="a">Delsarte design</subfield>
  </datafield>
  <datafield tag="653" ind1=" " ind2="7">
    <subfield code="a">Krein paramters</subfield>
  </datafield>
  <datafield tag="653" ind1=" " ind2="7">
    <subfield code="a">association scheme</subfield>
  </datafield>
  <datafield tag="653" ind1=" " ind2="7">
    <subfield code="a">finite geometry</subfield>
  </datafield>
  <datafield tag="653" ind1=" " ind2="7">
    <subfield code="a">hemisystem</subfield>
  </datafield>
  <datafield tag="653" ind1=" " ind2="7">
    <subfield code="a">polar space</subfield>
  </datafield>
  <datafield tag="700" ind1="1" ind2=" ">
    <subfield code="a">Bamberg, John</subfield>
    <subfield code="b">1</subfield>
    <subfield code="e">Thesis advisor</subfield>
  </datafield>
  <datafield tag="700" ind1="1" ind2=" ">
    <subfield code="0">P:(DE-82)IDM01619</subfield>
    <subfield code="a">Niemeyer, Alice Catherine</subfield>
    <subfield code="b">2</subfield>
    <subfield code="e">Thesis advisor</subfield>
    <subfield code="u">rwth</subfield>
  </datafield>
  <datafield tag="700" ind1="1" ind2=" ">
    <subfield code="a">Royle, Gordon F.</subfield>
    <subfield code="b">3</subfield>
    <subfield code="e">Thesis advisor</subfield>
  </datafield>
  <datafield tag="856" ind1="4" ind2=" ">
    <subfield code="u">http://publications.rwth-aachen.de/record/808714/files/808714.pdf</subfield>
    <subfield code="y">OpenAccess</subfield>
  </datafield>
  <datafield tag="856" ind1="4" ind2=" ">
    <subfield code="u">http://publications.rwth-aachen.de/record/808714/files/808714_source.zip</subfield>
    <subfield code="y">Restricted</subfield>
  </datafield>
  <datafield tag="856" ind1="4" ind2=" ">
    <subfield code="u">http://publications.rwth-aachen.de/record/808714/files/808714.gif?subformat=icon</subfield>
    <subfield code="x">icon</subfield>
    <subfield code="y">OpenAccess</subfield>
  </datafield>
  <datafield tag="856" ind1="4" ind2=" ">
    <subfield code="u">http://publications.rwth-aachen.de/record/808714/files/808714.jpg?subformat=icon-180</subfield>
    <subfield code="x">icon-180</subfield>
    <subfield code="y">OpenAccess</subfield>
  </datafield>
  <datafield tag="856" ind1="4" ind2=" ">
    <subfield code="u">http://publications.rwth-aachen.de/record/808714/files/808714.jpg?subformat=icon-700</subfield>
    <subfield code="x">icon-700</subfield>
    <subfield code="y">OpenAccess</subfield>
  </datafield>
  <datafield tag="909" ind1="C" ind2="O">
    <subfield code="o">oai:publications.rwth-aachen.de:808714</subfield>
    <subfield code="p">dnbdelivery</subfield>
    <subfield code="p">driver</subfield>
    <subfield code="p">VDB</subfield>
    <subfield code="p">open_access</subfield>
    <subfield code="p">openaire</subfield>
  </datafield>
  <datafield tag="910" ind1="1" ind2=" ">
    <subfield code="0">I:(DE-588b)36225-6</subfield>
    <subfield code="6">P:(DE-588)1225145791</subfield>
    <subfield code="a">RWTH Aachen</subfield>
    <subfield code="b">0</subfield>
    <subfield code="k">RWTH</subfield>
  </datafield>
  <datafield tag="910" ind1="1" ind2=" ">
    <subfield code="0">I:(DE-588b)36225-6</subfield>
    <subfield code="6">P:(DE-82)IDM01619</subfield>
    <subfield code="a">RWTH Aachen</subfield>
    <subfield code="b">2</subfield>
    <subfield code="k">RWTH</subfield>
  </datafield>
  <datafield tag="914" ind1="1" ind2=" ">
    <subfield code="y">2020</subfield>
  </datafield>
  <datafield tag="915" ind1=" " ind2=" ">
    <subfield code="0">StatID:(DE-HGF)0510</subfield>
    <subfield code="2">StatID</subfield>
    <subfield code="a">OpenAccess</subfield>
  </datafield>
  <datafield tag="920" ind1="1" ind2=" ">
    <subfield code="0">I:(DE-82)115320_20140620</subfield>
    <subfield code="k">115320</subfield>
    <subfield code="l">Lehr- und Forschungsgebiet Algebra</subfield>
    <subfield code="x">0</subfield>
  </datafield>
  <datafield tag="920" ind1="1" ind2=" ">
    <subfield code="0">I:(DE-82)110000_20140620</subfield>
    <subfield code="k">110000</subfield>
    <subfield code="l">Fachgruppe Mathematik</subfield>
    <subfield code="x">1</subfield>
  </datafield>
  <datafield tag="980" ind1="1" ind2=" ">
    <subfield code="a">FullTexts</subfield>
  </datafield>
  <datafield tag="980" ind1=" " ind2=" ">
    <subfield code="a">I:(DE-82)110000_20140620</subfield>
  </datafield>
  <datafield tag="980" ind1=" " ind2=" ">
    <subfield code="a">I:(DE-82)115320_20140620</subfield>
  </datafield>
  <datafield tag="980" ind1=" " ind2=" ">
    <subfield code="a">UNRESTRICTED</subfield>
  </datafield>
  <datafield tag="980" ind1=" " ind2=" ">
    <subfield code="a">VDB</subfield>
  </datafield>
  <datafield tag="980" ind1=" " ind2=" ">
    <subfield code="a">phd</subfield>
  </datafield>
</record>
</collection>